[Event "Madrid-B"]
[Site "Madrid"]
[Date "1993.??.??"]
[Round "?"]
[White "Rivera Kuzawka, Daniel"]
[Black "Bass, Leonid"]
[Result "0-1"]
[WhiteElo "2440"]
[BlackElo "2500"]
[PlyCount "68"]
[EventDate "1993.06.??"]
[EventType "tourn"]
[EventRounds "9"]
[EventCountry "ESP"]
[SourceTitle "EXT 1997"]
[Source "ChessBase"]
[SourceDate "1996.11.15"]
[SourceVersion "1"]
[SourceVersionDate "1996.11.15"]
[SourceQuality "1"]

1. e4 e6 2. d4 d5 3. Nc3 Bb4 4. e5 Ne7 5. a3 Bxc3+ 6. bxc3 c5 7. h4 Qc7 8. h5 h6 9. Nf3 Nbc6 10. Be2 Bd7 11. 0-0 f6 12. Bf4 f5 13. Nh4 0-0-0 14. Re1 Rdg8 15. dxc5 g5 16. hxg6 Nxg6 17. Nxg6 Rxg6 18. Bh5 Rg7 19. Re3 Ne7 20. Qd4 Bc6 21. Rg3 Rxg3 22. Bxg3 Be8 23. Bf3 h5 24. Re1 Qa5 25. Rd1 h4 26. Bxh4 Nc6 27. Qf4 Qxc3 28. Bf6 Rg8 29. Bxd5 exd5 30. Qxf5+ Kb8 31. e6 Qc4 32. Rxd5 Bg6 33. Be5+ Kc8 34. Qh3 Qxd5 0-1

[Event "Madrid-B"]
[Site "Madrid"]
[Date "1992.??.??"]
[Round "3"]
[White "Bass, Leonid"]
[Black "Izeta Txabarri, Felix"]
[Result "1/2-1/2"]
[WhiteElo "2495"]
[BlackElo "2445"]
[PlyCount "143"]
[EventDate "1992.05.??"]
[EventType "tourn"]
[EventRounds "9"]
[EventCountry "ESP"]
[EventCategory "6"]
[SourceTitle "TD"]
[Source "ChessBase"]
[SourceDate "1994.03.01"]
[SourceVersion "1"]
[SourceVersionDate "1994.03.01"]
[SourceQuality "1"]

1. d4 Nf6 2. c4 e6 3. Nf3 c5 4. d5 d6 5. Nc3 exd5 6. cxd5 g6 7. e4 Bg7 8. Nd2 0-0 9. Be2 Na6 10. 0-0 Nc7 11. a4 b6 12. Nc4 Ba6 13. Bg5 h6 14. Bd2 Re8 15. f3 Qd7 16. b3 Kh7 17. Kh1 Ng8 18. Bd3 Ne7 19. Rc1 f5 20. Ne2 fxe4 21. fxe4 Rf8 22. Bf4 Bxc4 23. bxc4 Rf7 24. Bg3 Rxf1+ 25. Qxf1 Rf8 26. Qe1 Nc8 27. a5 Qe7 28. Ng1 bxa5 29. Qxa5 Na8 30. Nf3 Nab6 31. h3 Nd7 32. Rb1 Ne5 33. Be2 Nxf3 34. Bxf3 Nb6 35. Qa2 Rf7 36. e5 Bxe5 37. Re1 Bxg3 38. Rxe7 Rxe7 39. Be2 h5 40. Kg1 h4 41. Kf1 Nc8 42. Qa6 Nb6 43. Qa1 Kg8 44. Qb1 Kf7 45. Qa1 Kg8 46. Qb1 Kh7 47. Qa1 Rf7+ 48. Bf3 Nxc4 49. Ke2 Re7+ 50. Kd3 Ne5+ 51. Kc2 Rf7 52. Qa6 Kh6 53. Be2 Rf2 54. Kd1 c4 55. Qxd6 Rxg2 56. Qc5 Bf4 57. Bxc4 Rd2+ 58. Ke1 Nf3+ 59. Kf1 Nh2+ 60. Ke1 Nf3+ 61. Kf1 Nd4 62. Qf8+ Kg5 63. Qe7+ Kh5 64. Qh7+ Kg5 65. Qe7+ Kh5 66. Qh7+ Bh6 67. Qe7 Rd1+ 68. Kg2 Rd2+ 69. Kf1 Rd1+ 70. Kg2 Rd2+ 71. Kf1 Rd1+ 72. Kg2 1/2-1/2

[Event "Madrid-B"]
[Site "Madrid"]
[Date "1992.??.??"]
[Round "8"]
[White "Bass, Leonid"]
[Black "Moreno Ruiz, Javier"]
[Result "1-0"]
[WhiteElo "2495"]
[BlackElo "2340"]
[PlyCount "81"]
[EventDate "1992.05.??"]
[EventType "tourn"]
[EventRounds "9"]
[EventCountry "ESP"]
[EventCategory "6"]
[SourceTitle "TD"]
[Source "ChessBase"]
[SourceDate "1994.03.01"]
[SourceVersion "1"]
[SourceVersionDate "1994.03.01"]
[SourceQuality "1"]

1. d4 d5 2. c4 e6 3. Nf3 c5 4. cxd5 exd5 5. g3 Nc6 6. Bg2 Nf6 7. 0-0 Be7 8. Nc3 0-0 9. Bg5 Be6 10. dxc5 Bxc5 11. Bxf6 Qxf6 12. Nxd5 Qxb2 13. Nc7 Rad8 14. Qc1 Qxc1 15. Raxc1 b6 16. Nxe6 fxe6 17. e3 h6 18. Rc4 Rf6 19. Re4 Kf8 20. h4 Ke7 21. Rg4 Rf7 22. h5 Kf8 23. Nh4 Ne7 24. Re4 Rf6 25. Bh3 Kf7 26. Ng2 Nd5 27. Rc1 Rd6 28. Rcc4 a5 29. a4 Nb4 30. Nf4 Nd3 31. Bxe6+ Kf8 32. Ng6+ Ke8 33. Bf5+ Kd8 34. g4 Nb4 35. Kg2 Nd3 36. Kf1 Nb2 37. Rc2 Nd3 38. Ke2 Nb4 39. Rcc4 Nd5 40. Re5 Rf7 41. Be6 1-0

[Event "Madrid-B"]
[Site "Madrid"]
[Date "1992.??.??"]
[Round "9"]
[White "Rivera Kuzawka, Daniel"]
[Black "Bass, Leonid"]
[Result "1/2-1/2"]
[WhiteElo "2290"]
[BlackElo "2495"]
[PlyCount "54"]
[EventDate "1992.05.??"]
[EventType "tourn"]
[EventRounds "9"]
[EventCountry "ESP"]
[EventCategory "6"]
[SourceTitle "TD"]
[Source "ChessBase"]
[SourceDate "1994.03.01"]
[SourceVersion "1"]
[SourceVersionDate "1994.03.01"]
[SourceQuality "1"]

1. e4 e5 2. Nf3 Nc6 3. Bb5 a6 4. Ba4 Nf6 5. 0-0 Be7 6. Re1 b5 7. Bb3 d6 8. c3 0-0 9. h3 Nb8 10. d4 Nbd7 11. Nbd2 Bb7 12. Bc2 Re8 13. Nf1 Bf8 14. Ng3 g6 15. a4 c5 16. d5 c4 17. Bg5 h6 18. Be3 Nc5 19. Qd2 h5 20. Ng5 Bh6 21. f4 h4 22. fxe5 Rxe5 23. Nf1 Bxg5 24. Bxg5 Nfxe4 25. Bxd8 Nxd2 26. Rxe5 dxe5 27. Be7 Nxf1 1/2-1/2

[Event "Leon"]
[Site "Leon"]
[Date "1991.??.??"]
[Round "?"]
[White "Bass, Leonid"]
[Black "Magem Badals, Jordi"]
[Result "1/2-1/2"]
[WhiteElo "2495"]
[BlackElo "2490"]
[PlyCount "52"]
[EventDate "1991.06.??"]
[EventType "tourn"]
[EventRounds "9"]
[EventCountry "ESP"]
[EventCategory "10"]
[SourceTitle "CBM 025"]
[Source "ChessBase"]
[SourceDate "1991.12.01"]
[SourceVersion "1"]
[SourceVersionDate "1991.12.01"]
[SourceQuality "1"]

1. d4 Nf6 2. c4 g6 3. Nc3 Bg7 4. e4 d6 5. Nf3 0-0 6. Be2 e5 7. dxe5 dxe5 8. Qxd8 Rxd8 9. Bg5 Re8 10. Nd5 Nxd5 11. cxd5 c6 12. Bc4 cxd5 13. Bxd5 Na6 14. Ke2 Nc7 15. Bb3 Bd7 16. Rhd1 Bc6 17. Rac1 Ne6 18. Bd5 Bxd5 19. exd5 Nd4+ 20. Kf1 h6 21. Nxd4 exd4 22. Bf4 Rad8 23. Rc7 Rxd5 24. Rxb7 Rc5 25. Rb8 Rxb8 26. Bxb8 a5 1/2-1/2